000 00694nam a2200205Ia 4500
003 GCL
008 140319s9999 xx 000 0 ara d
040 _aGCL /
_cGCL
082 0 4 _a690.24
_bع و
100 1 _aعماد محمد عدنان تنبكجى
245 1 0 _aوقاية المبانى من الحريق واجراءات السلامة /
_cعماد محمد عدنان تنبكجى
300 _a100 ص
490 _aمختصر العلوم الهندسية
_v0
650 0 4 _aالمبانى
650 0 4 _aالمنشأت الخرسانية
650 0 4 _aالحرائق
650 0 4 _aالوقاية من الحريق
650 0 4 _aالاصلاح والتجديد
942 _2ddc
_cBK
999 _c49898
_d49898